000 00421nam a2200157 i 4500
001 bg
100 1 _aDEMBIŃSKI, Piotr
245 0 _aMatematyczne metody definiowania języków programowania /
_cPiotr Dembiński, Jan Małuszyński.
260 _aWarszawa,
_c1981.
700 1 _aMAŁUSZYŃSKI, Jan
040 _cBPK
041 _apol
080 _a519.682
942 _cKS
008 s pl f |000 0 pol
999 _c20231
_d20231
856 _uhttp://koha.tu.koszalin.pl/cgi-bin/koha/opac-detail.pl?biblionumber=20231
_yKatalog online BPK